Online
Catalog

Pío Gil, beato de la libertad / (Record no. 17687)

MARC details
000 -CABECERA
campo de control de longitud fija 00829cam a2200229 a 4500
001 - NÚMERO DE CONTROL
campo de control 000018166
005 - FECHA Y HORA DE LA ÚLTIMA TRANSACCIÓN
campo de control 20200929165401.0
008 - DATOS DE LONGITUD FIJA--INFORMACIÓN GENERAL
campo de control de longitud fija 790314s1975 ve f000 0bspa d
040 ## - FUENTE DE LA CATALOGACIÓN
Centro catalogador/agencia de origen DO-SdBNP
Lengua de catalogación spa
Centro/agencia transcriptor LC
Centro/agencia modificador BNPHU
082 ## - NÚMERO DE LA CLASIFICACIÓN DECIMAL DEWEY
Número de clasificación 928.86
Número de documento/Ítem P662
049 ## - FONDOS LOCALES (OCLC)
Fondos de biblioteca BNGR
245 00 - MENCIÓN DE TÍTULO
Título Pío Gil, beato de la libertad /
Mención de responsabilidad, etc. Rafael Arevalo Gonzalez ... [et al.] ; introducción Pedro Beroes.
260 ## - PUBLICACIÓN, DISTRIBUCIÓN, ETC.
Lugar de publicación, distribución, etc. Caracas, Venezuela :
Nombre del editor, distribuidor, etc. Senado de la República,
Fecha de publicación, distribución, etc. 1975.
300 ## - DESCRIPCIÓN FÍSICA
Extensión xxi, 307 p. ;
Dimensiones 18 cm.
600 14 - PUNTO DE ACCESO ADICIONAL DE MATERIA--NOMBRE DE PERSONA
Nombre de persona MORANTES, PEDRO MARÍA,
Fechas asociadas al nombre 1865?-1918.
9 (RLIN) 39362
650 #4 - PUNTO DE ACCESO ADICIONAL DE MATERIA--TÉRMINO DE MATERIA
Término de materia o nombre geográfico como elemento de entrada Autores venezolanos
Subdivisión cronológica SIGLO XX
9 (RLIN) 39363
700 1# - PUNTO DE ACCESO ADICIONAL--NOMBRE DE PERSONA
Nombre de persona Arevalo Gonzalez, Rafael,
Fechas asociadas al nombre 1866-1935.
9 (RLIN) 39364
700 1# - PUNTO DE ACCESO ADICIONAL--NOMBRE DE PERSONA
Nombre de persona Blanco, Andres Eloy.
9 (RLIN) 39365
700 1# - PUNTO DE ACCESO ADICIONAL--NOMBRE DE PERSONA
Nombre de persona Velásquez, Ramón J.
9 (RLIN) 6716
700 1# - PUNTO DE ACCESO ADICIONAL--NOMBRE DE PERSONA
Nombre de persona Beroes, Pedro,
Término indicativo de función/relación introd.
9 (RLIN) 39366
910 ## - DATOS DE OPCIÓN DEL USUARIO (OCLC)
Datos de opción del usuario Catalogación por copia / LC
Holdings
Estado de retiro Estado de pérdida Restricciones de uso No para préstamo Código de colección Localización permanente Ubicación/localización actual Ubicación en estantería Fecha de adquisición Número de inventario Total de préstamos Signatura topográfica completa Código de barras Fecha visto por última vez Precio válido a partir de Tipo de ítem Koha
        Monografías: Libros y Folletos General General En catalogación 16.04.2010 LF1   928.86 P662 18166-10 25.06.2020 25.06.2020 Préstamo en sala

Powered by Koha